[Event "TIPC 2019 Groupe A"]
[Site ""]
[Date "2019.07.28"]
[Round "2.21"]
[White "Huynh, Laurent"]
[Black "Denivet, Axel"]
[Result "1-0"]
[WhiteElo "2111"]
[BlackElo "1932"]

1. e4 e5 {[%emt 00:00:05]} 2. Nf3 Nc6 {[%emt 00:00:53]} 3. Bc4 Nf6 4. d3 {[%emt
00:00:21]} Bc5 {[%emt 00:00:24]} 5. c3 {[%emt 00:00:55]} Bb6 {[%emt 00:01:01]}
6. Bb3 {[%emt 00:00:50]} d6 {[%emt 00:01:33]} 7. Nbd2 {[%emt 00:00:28]} a6
{[%emt 00:02:50]} 8. O-O {[%emt 00:05:30]} O-O {[%emt 00:02:19]} 9. Re1 {[%emt
00:00:45]} Be6 {[%emt 00:12:22]} 10. Nc4 {[%emt 00:02:26]} Ba7 {[%emt
00:01:38]} 11. Ne3 {[%emt 00:00:56]} d5 {[%emt 00:07:08]} 12. Ng5 {[%emt
00:11:39]} h6 {[%emt 00:07:32]} 13. Nxe6 {[%emt 00:01:38]} fxe6 {[%emt
00:00:09]} 14. Qe2 {[%emt 00:02:02]} Kh8 {[%emt 00:05:48]} 15. Rf1 {[%emt
00:06:10]} Qd7 {[%emt 00:13:53]} 16. Ng4 {[%emt 00:02:37]} Nxg4 {[%emt
00:07:20]} 17. Qxg4 {[%emt 00:00:06]} Rf7 {[%emt 00:00:59]} 18. Be3 {[%emt
00:01:02]} Bxe3 {[%emt 00:02:43]} 19. fxe3 {[%emt 00:00:05]} Rxf1+ {[%emt
02:52:41]} 20. Rxf1 dxe4 21. Qxe4 Qd6 22. d4 Rf8 23. Rxf8+ Qxf8 24. Bxe6 exd4
25. exd4 Qe7 26. h4 Nd8 27. Bf5 Qxe4 28. Bxe4 Kg8 29. Bd5+ Kf8 30. Kf2 Ke7 31.
Ke3 Kf6 32. a4 Kf5 33. Kf3 g5 34. hxg5 hxg5 35. a5 Kf6 36. b4 c6 37. Bc4 Nf7 38.
Bxf7 Kxf7 39. Kg4 Kg6 40. c4 Kf6 41. g3 Kg6 42. d5 cxd5 43. cxd5 Kf6 44. d6 Ke6
45. Kxg5 Kxd6 46. Kf4 Kc6 47. g4 Kb5 48. g5 Kxb4 49. g6 Kxa5 50. g7 b5 51. g8=Q
Kb4 52. Ke4 a5 53. Kd3 Ka3 54. Kc2 a4 55. Qg3+ Ka2 56. Qc3 1-0

[Event "TIPC 2019 Groupe A"]
[Site ""]
[Date "2019.07.28"]
[Round "2.15"]
[White "Iolis, Oleg"]
[Black "Bruno, Ricardo"]
[Result "0-1"]
[WhiteElo "2178"]
[BlackElo "2007"]

1. e4 c5 2. Nf3 d6 3. d4 cxd4 4. Nxd4 Nf6 5. Nc3 g6 6. Be3 Nc6 7. f3 Bg7 8. Qd2
O-O 9. g4 Bd7 10. O-O-O Qa5 11. Kb1 Rac8 12. h4 Ne5 13. Nd5 Qxd2 14. Nxe7+ Kh8
15. Rxd2 Rce8 16. g5 Rxe7 17. gxf6 Bxf6 18. h5 d5 19. hxg6 fxg6 20. Nb3 dxe4 21.
Bc5 exf3 22. Bxe7 Bxe7 23. Nd4 g5 24. Nxf3 Rxf3 25. Bg2 Bc6 26. Re1 Bf6 27. Rd6
Kg7 28. Bxf3 Bxf3 29. Re6 Nc4 30. b3 Na3+ 31. Kc1 Nb5 32. c4 Nd4 33. Rd6 g4 34.
Rf1 Bg5+ 35. Kb2 Bf6 36. Kc1 h5 37. Kd2 h4 38. Kd3 h3 39. Rf2 g3 0-1

[Event "TIPC 2019 Groupe A"]
[Site ""]
[Date "2019.07.29"]
[Round "3.27"]
[White "Lui, Eric"]
[Black "Van Droogenbroeck, Marc"]
[Result "1/2-1/2"]
[WhiteElo "1884"]
[BlackElo "2114"]

1. e4 {[%clk 01:29:51]} {[%emt 00:01:09]} c5 {[%clk 01:29:54]} {[%emt
00:01:07]} 2. Nc3 {[%clk 01:30:07]} {[%emt 00:00:13]} Nc6 {[%clk 01:30:20]}
{[%emt 00:00:05]} 3. g3 {[%clk 01:30:13]} {[%emt 00:00:23]} g6 {[%clk
01:30:43]} {[%emt 00:00:07]} 4. Bg2 {[%clk 01:30:19]} {[%emt 00:00:23]} Bg7
{[%clk 01:31:09]} {[%emt 00:00:06]} 5. d3 {[%clk 01:30:29]} {[%emt 00:00:19]}
d6 {[%clk 01:29:32]} {[%emt 00:02:08]} 6. Be3 {[%clk 01:29:48]} {[%emt
00:01:10]} e5 {[%clk 01:24:20]} {[%emt 00:05:42]} 7. Qd2 {[%clk 01:29:40]}
{[%emt 00:00:38]} Nd4 {[%clk 01:23:54]} {[%emt 00:00:56]} 8. Nd1 {[%clk
01:27:07]} {[%emt 00:03:03]} Ne7 {[%clk 00:58:23]} {[%emt 00:26:02]} 9. c3
{[%clk 01:14:22]} {[%emt 00:13:16]} Ne6 {[%clk 00:54:08]} {[%emt 00:04:45]} 10.
Bh6 {[%clk 01:09:50]} {[%emt 00:05:01]} O-O {[%clk 00:54:01]} {[%emt 00:00:37]}
11. h4 {[%clk 01:05:55]} {[%emt 00:04:24]} f6 {[%clk 00:48:13]} {[%emt
00:06:19]} 12. Bxg7 {[%clk 01:06:00]} {[%emt 00:00:25]} Nxg7 {[%clk 00:45:36]}
{[%emt 00:03:06]} 13. h5 {[%clk 01:02:09]} {[%emt 00:04:21]} g5 {[%clk
00:41:59]} {[%emt 00:04:08]} 14. h6 {[%clk 01:00:02]} {[%emt 00:02:36]} Ne6
{[%clk 00:36:15]} {[%emt 00:06:15]} 15. Ne3 {[%clk 00:58:01]} {[%emt 00:02:30]}
b5 {[%clk 00:34:00]} {[%emt 00:02:46]} 16. Nd5 {[%clk 00:56:18]} {[%emt
00:02:12]} Ng6 {[%clk 00:28:22]} {[%emt 00:06:09]} 17. Ne2 {[%clk 00:54:22]}
{[%emt 00:02:25]} Bb7 {[%clk 00:24:27]} {[%emt 00:04:26]} 18. O-O-O {[%clk
00:44:31]} {[%emt 00:10:20]} a5 {[%clk 00:18:39]} {[%emt 00:06:19]} 19. Rdf1
{[%clk 00:37:18]} {[%emt 00:07:42]} b4 {[%clk 00:14:54]} {[%emt 00:04:16]} 20.
c4 {[%clk 00:30:54]} {[%emt 00:06:55]} Bxd5 {[%clk 00:14:32]} {[%emt 00:00:51]}
21. exd5 {[%clk 00:28:56]} {[%emt 00:02:27]} Nd4 {[%clk 00:14:26]} {[%emt
00:00:37]} 22. Nxd4 {[%clk 00:28:36]} {[%emt 00:00:49]} cxd4 {[%clk 00:13:22]}
{[%emt 00:01:35]} 23. f4 {[%clk 00:28:25]} {[%emt 00:00:41]} exf4 {[%clk
00:12:36]} {[%emt 00:01:16]} 24. Bh3 {[%clk 00:27:54]} {[%emt 00:01:00]} f5
{[%clk 00:11:31]} {[%emt 00:01:36]} 25. gxf4 {[%clk 00:28:18]} {[%emt
00:00:06]} g4 {[%clk 00:10:26]} {[%emt 00:01:35]} 26. Bg2 {[%clk 00:23:48]}
{[%emt 00:05:00]} Ra7 {[%clk 00:07:33]} {[%emt 00:06:25]} 27. Re1 {[%clk
00:22:17]} Re8 {[%clk 00:07:34]} {[%emt 00:00:02]} 28. Re6 {[%clk 00:22:38]}
{[%emt 00:00:01]} Rae7 {[%clk 00:06:28]} {[%emt 00:01:10]} 29. Qf2 {[%emt
00:07:35]} Nf8 {[%emt 00:00:01]} 30. Rxe7 {[%emt 00:00:18]} Qxe7 {[%emt
00:00:01]} 31. Qxd4 {[%emt 00:00:02]} Qe3+ {[%emt 00:00:02]} 32. Qxe3 {[%emt
00:00:03]} Rxe3 {[%emt 00:00:02]} 33. Kd2 {[%emt 00:00:01]} Rg3 {[%emt
00:00:03]} 34. Rg1 {[%emt 00:00:05]} Ng6 {[%emt 00:00:02]} 35. c5 {[%emt
00:00:04]} dxc5 {[%emt 00:00:10]} 36. d6 {[%clk 00:14:03]} {[%emt 00:00:02]}
Kf8 1/2-1/2

[Event "TIPC 2019 Groupe A"]
[Site ""]
[Date "2019.07.29"]
[Round "4.25"]
[White "Van Droogenbroeck, Marc"]
[Black "Dierckens, Sarah"]
[Result "1-0"]
[WhiteElo "2114"]
[BlackElo "1770"]

1. e4 {[%clk 01:30:58]} {[%emt 00:00:01]} e6 {[%clk 01:30:54]} {[%emt
00:00:07]} 2. d4 {[%clk 01:31:12]} {[%emt 00:00:16]} d5 {[%clk 01:31:20]}
{[%emt 00:00:04]} 3. Nd2 {[%clk 01:30:13]} {[%emt 00:01:29]} Nf6 {[%clk
01:31:43]} {[%emt 00:00:06]} 4. e5 {[%clk 01:30:18]} {[%emt 00:00:25]} Nfd7
{[%clk 01:32:08]} {[%emt 00:01:45]} 5. Bd3 {[%clk 01:30:26]} {[%emt 00:00:03]}
c5 {[%clk 01:32:29]} {[%emt 00:00:02]} 6. c3 {[%clk 01:30:47]} {[%emt
00:00:01]} Nc6 {[%clk 01:31:47]} {[%emt 00:00:09]} 7. Ne2 {[%clk 01:30:34]}
{[%emt 00:00:41]} Qb6 {[%clk 01:29:07]} {[%emt 00:03:10]} 8. Nf3 {[%clk
01:30:04]} {[%emt 00:01:00]} cxd4 {[%clk 01:29:04]} {[%emt 00:00:33]} 9. cxd4
{[%clk 01:30:31]} {[%emt 00:00:02]} Be7 {[%clk 01:28:40]} {[%emt 00:00:54]} 10.
a3 {[%clk 01:22:18]} {[%emt 00:08:50]} f6 {[%clk 01:23:10]} {[%emt 00:05:53]}
11. exf6 {[%clk 01:21:13]} {[%emt 00:01:36]} Bxf6 {[%clk 01:22:55]} {[%emt
00:00:45]} 12. Bc2 {[%clk 01:03:33]} {[%emt 00:18:09]} Qa5+ {[%clk 01:13:01]}
{[%emt 00:10:25]} 13. Bd2 {[%clk 00:56:16]} {[%emt 00:07:47]} Qb5 {[%clk
01:13:12]} {[%emt 00:00:18]} 14. b4 {[%clk 00:53:36]} {[%emt 00:03:10]} e5
{[%clk 01:10:31]} {[%emt 00:03:11]} 15. a4 {[%clk 00:41:21]} {[%emt 00:12:46]}
Qb6 {[%clk 01:08:06]} {[%emt 00:02:56]} 16. a5 {[%clk 00:35:42]} {[%emt
00:06:08]} Qd8 {[%clk 01:05:39]} {[%emt 00:02:57]} 17. dxe5 {[%clk 00:33:08]}
{[%emt 00:03:04]} Ndxe5 {[%clk 01:05:31]} {[%emt 00:00:38]} 18. Nxe5 {[%clk
00:32:26]} {[%emt 00:01:12]} Bxe5 {[%clk 00:57:14]} {[%emt 00:08:46]} 19. b5
{[%clk 00:31:08]} {[%emt 00:01:49]} Qf6 {[%clk 00:48:30]} {[%emt 00:09:14]} 20.
Ra4 {[%clk 00:29:21]} {[%emt 00:02:17]} O-O {[%clk 00:47:29]} {[%emt 00:01:32]}
21. O-O {[%clk 00:26:49]} {[%emt 00:03:02]} Nd4 {[%clk 00:44:44]} {[%emt
00:03:15]} 22. Be3 {[%clk 00:23:41]} {[%emt 00:03:38]} Nxc2 {[%clk 00:42:27]}
{[%emt 00:02:47]} 23. Qxc2 {[%clk 00:24:08]} {[%emt 00:00:02]} Bf5 {[%clk
00:37:39]} {[%emt 00:05:18]} 24. Qd2 {[%clk 00:23:35]} {[%emt 00:01:04]} Be4
{[%clk 00:34:03]} {[%emt 00:04:06]} 25. f3 {[%clk 00:23:10]} {[%emt 00:00:54]}
Rac8 {[%clk 00:32:53]} {[%emt 00:01:40]} 26. Nd4 {[%clk 00:18:36]} {[%emt
00:05:04]} Bg6 {[%clk 00:26:12]} {[%emt 00:07:11]} 27. Ra2 {[%clk 00:16:30]}
{[%emt 00:02:37]} Rc4 {[%clk 00:25:23]} {[%emt 00:01:19]} 28. Rd1 {[%clk
00:15:59]} {[%emt 00:01:01]} Rfc8 {[%clk 00:20:18]} {[%emt 00:05:35]} 29. a6
{[%clk 00:14:21]} {[%emt 00:02:08]} b6 {[%clk 00:18:19]} {[%emt 00:02:30]} 30.
Nc6 {[%clk 00:13:10]} {[%emt 00:01:41]} Bc3 {[%clk 00:13:04]} {[%emt 00:05:45]}
31. Qxd5+ {[%clk 00:12:54]} {[%emt 00:00:46]} Bf7 {[%clk 00:13:28]} {[%emt
00:00:05]} 32. Qd7 {[%clk 00:07:08]} {[%emt 00:06:16]} Be6 {[%clk 00:08:33]}
{[%emt 00:05:26]} 33. Qb7 {[%clk 00:07:16]} {[%emt 00:00:21]} Re8 {[%clk
00:08:13]} {[%emt 00:00:49]} 34. Re2 {[%clk 00:05:40]} {[%emt 00:02:07]} Ra4
{[%clk 00:06:40]} {[%emt 00:02:04]} 35. Bf2 {[%clk 00:04:46]} {[%emt 00:01:23]}
Rf8 {[%clk 00:05:44]} {[%emt 00:01:26]} 36. Qe7 {[%emt 00:03:00]} Qxe7 {[%clk
00:05:57]} {[%emt 00:00:16]} 37. Nxe7+ {[%clk 00:02:46]} {[%emt 00:00:02]} Kf7
{[%clk 00:06:10]} {[%emt 00:00:17]} 38. Nc6 {[%clk 00:02:59]} {[%emt 00:00:17]}
Bc4 {[%clk 00:04:04]} {[%emt 00:02:35]} 39. Re7+ {[%clk 00:01:05]} {[%emt
00:02:25]} Kg6 {[%clk 00:04:24]} {[%emt 00:00:09]} 40. Nxa7 {[%clk 00:00:46]}
{[%emt 00:00:50]} Rf6 {[%clk 00:01:58]} {[%emt 00:02:55]} 41. h4 {[%clk
00:29:13]} {[%emt 00:02:02]} h5 {[%clk 00:29:49]} {[%emt 00:02:40]} 42. Re4
{[%clk 00:19:48]} {[%emt 00:10:53]} Rf5 {[%clk 00:20:54]} {[%emt 00:08:27]} 43.
Rc1 {[%clk 00:18:36]} {[%emt 00:01:43]} 1-0

[Event "TIPC 2019 Groupe A"]
[Site ""]
[Date "2019.07.29"]
[Round "4.1"]
[White "Mirzoev, Azer"]
[Black "Gutenev, Alexander"]
[Result "1/2-1/2"]
[WhiteTitle "GM"]
[BlackTitle "IM"]
[WhiteElo "2474"]
[BlackElo "2470"]

1. d4 {[%clk 01:30:53]} {[%emt 00:00:06]} Nf6 {[%clk 01:30:51]} {[%emt
00:00:09]} 2. Nf3 {[%clk 01:31:19]} {[%emt 00:00:04]} g6 {[%clk 01:30:59]}
{[%emt 00:00:23]} 3. g3 {[%clk 01:31:45]} {[%emt 00:00:03]} Bg7 {[%clk
01:31:09]} {[%emt 00:00:21]} 4. Bg2 {[%clk 01:32:11]} {[%emt 00:00:04]} O-O
{[%clk 01:31:23]} {[%emt 00:00:15]} 5. O-O {[%clk 01:32:36]} {[%emt 00:00:05]}
d5 {[%clk 01:31:50]} {[%emt 00:00:03]} 6. Nbd2 {[%clk 01:33:01]} {[%emt
00:00:05]} c6 {[%clk 01:31:25]} {[%emt 00:02:13]} 7. c4 {[%clk 01:33:23]}
{[%emt 00:00:01]} Bf5 {[%clk 01:31:33]} {[%emt 00:00:03]} 8. b3 {[%clk
01:33:48]} Ne4 {[%clk 01:31:13]} {[%emt 00:00:06]} 9. Bb2 {[%clk 01:34:12]}
{[%emt 00:00:02]} a5 {[%clk 01:28:37]} {[%emt 00:03:07]} 10. Nh4 {[%clk
01:28:14]} {[%emt 00:07:06]} Nxd2 {[%clk 01:28:48]} {[%emt 00:00:02]} 11. Qxd2
{[%clk 01:28:12]} {[%emt 00:00:10]} Be6 {[%clk 01:29:15]} {[%emt 00:00:04]} 12.
cxd5 {[%clk 01:28:04]} {[%emt 00:00:37]} cxd5 {[%clk 01:29:31]} {[%emt
00:00:13]} 13. Rfc1 {[%clk 01:28:15]} {[%emt 00:00:18]} Nc6 {[%clk 01:26:31]}
{[%emt 00:03:41]} 14. e3 {[%clk 01:26:47]} {[%emt 00:02:49]} Qd6 {[%clk
01:22:10]} {[%emt 00:03:50]} 15. a4 {[%clk 01:23:22]} {[%emt 00:03:55]} Rfc8
{[%clk 01:21:28]} {[%emt 00:01:12]} 16. Bf1 {[%clk 01:20:18]} {[%emt 00:03:33]}
Nb4 {[%clk 01:18:31]} {[%emt 00:03:28]} 17. Ba3 {[%clk 01:18:15]} {[%emt
00:02:32]} Bf6 {[%clk 01:10:42]} {[%emt 00:08:20]} 18. Nf3 {[%clk 01:12:06]}
{[%emt 00:06:37]} Bf5 {[%clk 01:10:24]} {[%emt 00:00:49]} 19. Be2 {[%clk
00:53:37]} {[%emt 00:18:57]} Qb6 {[%clk 01:01:15]} {[%emt 00:09:41]} 20. Ne1
{[%clk 00:48:31]} {[%emt 00:05:35]} h5 {[%clk 00:58:43]} {[%emt 00:03:04]} 21.
Rxc8+ {[%clk 00:45:32]} {[%emt 00:03:29]} Rxc8 {[%clk 00:58:56]} {[%emt
00:00:14]} 22. Rc1 {[%clk 00:45:53]} {[%emt 00:00:11]} Rxc1 {[%clk 00:57:18]}
{[%emt 00:02:07]} 23. Qxc1 {[%clk 00:46:22]} {[%emt 00:00:02]} h4 {[%clk
00:51:32]} {[%emt 00:06:17]} 24. Bb5 {[%clk 00:45:01]} {[%emt 00:01:49]} Qd6
{[%clk 00:45:22]} {[%emt 00:06:41]} 25. Nf3 {[%clk 00:33:20]} {[%emt 00:12:10]}
Bg4 {[%clk 00:39:30]} {[%emt 00:06:23]} 26. Be2 {[%clk 00:30:53]} {[%emt
00:02:55]} Qe6 {[%clk 00:35:55]} {[%emt 00:04:07]} 27. Bxb4 {[%clk 00:26:52]}
{[%emt 00:04:31]} axb4 {[%clk 00:36:20]} {[%emt 00:00:05]} 28. Bd1 {[%clk
00:26:43]} {[%emt 00:00:37]} Qf5 {[%clk 00:29:08]} {[%emt 00:07:43]} 29. Ne1
{[%clk 00:24:45]} {[%emt 00:02:27]} e5 {[%clk 00:26:15]} {[%emt 00:03:25]} 30.
dxe5 {[%clk 00:18:16]} {[%emt 00:06:58]} Bxe5 {[%clk 00:25:52]} {[%emt
00:00:53]} 31. Qc2 {[%clk 00:16:16]} {[%emt 00:02:27]} hxg3 {[%clk 00:21:06]}
{[%emt 00:05:19]} 32. hxg3 {[%clk 00:16:38]} {[%emt 00:00:07]} Qxc2 {[%clk
00:12:13]} {[%emt 00:09:23]} 1/2-1/2

[Event "TIPC 2019 Groupe A"]
[Site ""]
[Date "2019.07.29"]
[Round "4.31"]
[White "Philippe, Denis-Emmanuel"]
[Black "Denivet, Axel"]
[Result "1-0"]
[WhiteElo "2015"]
[BlackElo "1932"]

1. d4 {[%clk 01:30:30]} {[%emt 00:26:00]} d5 {[%clk 01:30:22]} {[%emt
00:00:39]} 2. Nf3 {[%clk 01:30:57]} {[%emt 00:00:05]} Nf6 {[%clk 01:30:15]}
{[%emt 00:00:36]} 3. e3 {[%clk 01:31:08]} {[%emt 00:00:19]} Bf5 {[%clk
01:29:49]} {[%emt 00:02:36]} 4. c4 {[%clk 01:31:23]} c6 {[%clk 01:29:18]}
{[%emt 00:00:10]} 5. cxd5 {[%clk 01:31:46]} {[%emt 00:00:01]} cxd5 {[%clk
01:29:08]} {[%emt 00:00:12]} 6. Qb3 {[%clk 01:32:09]} {[%emt 00:00:07]} e6
{[%clk 01:24:35]} {[%emt 00:05:02]} 7. Qxb7 {[%clk 01:24:17]} {[%emt 00:08:26]}
Nbd7 {[%clk 01:24:52]} {[%emt 00:00:19]} 8. Nc3 {[%clk 01:17:05]} {[%emt
00:07:35]} Be7 {[%clk 01:22:31]} {[%emt 00:02:50]} 9. Ne5 {[%clk 01:11:37]}
{[%emt 00:05:59]} Nxe5 {[%clk 01:05:28]} {[%emt 00:17:33]} 10. dxe5 {[%clk
01:11:11]} {[%emt 00:00:56]} Ne4 {[%clk 01:03:41]} {[%emt 00:02:17]} 11. Bb5+
{[%clk 01:07:36]} {[%emt 00:05:26]} Kf8 {[%clk 01:03:21]} 12. Nxe4 {[%clk
01:02:31]} {[%emt 00:05:04]} Bxe4 {[%clk 01:01:24]} {[%emt 00:02:27]} 13. O-O
{[%clk 01:02:00]} {[%emt 00:01:02]} h5 {[%clk 00:54:43]} {[%emt 00:07:10]} 14.
f3 {[%clk 00:57:45]} {[%emt 00:04:45]} Bg6 {[%clk 00:52:02]} {[%emt 00:03:11]}
15. Kh1 {[%clk 00:47:25]} {[%emt 00:10:51]} h4 {[%clk 00:48:37]} {[%emt
00:03:55]} 16. h3 {[%clk 00:47:37]} {[%emt 00:00:18]} Rh5 {[%clk 00:47:15]}
{[%emt 00:01:51]} 17. f4 {[%clk 00:44:11]} {[%emt 00:03:56]} Be4 {[%clk
00:45:44]} {[%emt 00:02:01]} 18. Be2 {[%clk 00:38:55]} {[%emt 00:05:47]} Rh6
{[%clk 00:44:22]} {[%emt 00:01:51]} 19. Bf3 {[%clk 00:38:18]} {[%emt 00:01:07]}
Bxf3 {[%clk 00:42:03]} {[%emt 00:02:49]} 20. Rxf3 {[%clk 00:37:22]} {[%emt
00:01:27]} Kg8 {[%clk 00:38:24]} {[%emt 00:04:09]} 21. Qa6 {[%clk 00:30:52]}
{[%emt 00:07:00]} Rc8 {[%clk 00:33:35]} {[%emt 00:05:17]} 22. Qd3 {[%clk
00:28:45]} {[%emt 00:02:38]} Qc7 {[%clk 00:30:15]} {[%emt 00:03:50]} 23. Rf2
{[%clk 00:25:40]} {[%emt 00:03:34]} Qc4 {[%clk 00:24:42]} {[%emt 00:06:04]} 24.
Qxc4 {[%clk 00:24:03]} {[%emt 00:02:07]} Rxc4 {[%clk 00:24:38]} {[%emt
00:00:34]} 25. Kg1 {[%clk 00:19:56]} {[%emt 00:04:37]} Bc5 {[%clk 00:22:58]}
{[%emt 00:02:09]} 26. Bd2 {[%clk 00:13:34]} {[%emt 00:06:53]} d4 {[%clk
00:21:00]} {[%emt 00:02:28]} 27. Rc1 {[%clk 00:11:14]} {[%emt 00:02:49]} dxe3
{[%clk 00:17:25]} {[%emt 00:04:05]} 28. Bxe3 {[%clk 00:10:56]} {[%emt
00:00:48]} Rxc1+ {[%clk 00:16:57]} {[%emt 00:00:57]} 29. Bxc1 {[%clk 00:11:22]}
{[%emt 00:00:04]} Rh8 {[%clk 00:15:49]} {[%emt 00:01:38]} 30. b4 {[%clk
00:09:55]} {[%emt 00:01:58]} Bd4 {[%clk 00:13:52]} {[%emt 00:02:25]} 31. Kf1
{[%clk 00:08:44]} {[%emt 00:01:42]} Bxf2 {[%clk 00:14:17]} {[%emt 00:00:05]} 32.
Kxf2 {[%clk 00:09:11]} {[%emt 00:00:03]} Kh7 {[%clk 00:14:00]} {[%emt
00:00:45]} 33. Be3 {[%clk 00:07:51]} {[%emt 00:01:52]} a6 {[%clk 00:13:55]}
{[%emt 00:00:35]} 34. a4 {[%clk 00:05:47]} {[%emt 00:02:34]} Kg6 {[%clk
00:11:33]} {[%emt 00:02:53]} 35. b5 {[%clk 00:05:37]} {[%emt 00:00:39]} axb5
{[%clk 00:09:57]} {[%emt 00:02:06]} 36. axb5 {[%clk 00:06:05]} {[%emt
00:00:02]} Kf5 {[%clk 00:09:41]} {[%emt 00:00:45]} 37. Kf3 {[%clk 00:04:38]}
{[%emt 00:01:58]} Ra8 {[%clk 00:07:57]} {[%emt 00:02:12]} 38. b6 {[%clk
00:01:40]} {[%emt 00:03:31]} Ra3 {[%clk 00:07:51]} {[%emt 00:00:32]} 39. Ke2
{[%clk 00:00:34]} {[%emt 00:01:39]} Ke4 {[%clk 00:07:52]} {[%emt 00:00:28]} 40.
Bf2 {[%clk 00:00:38]} {[%emt 00:00:28]} Kxf4 {[%clk 00:06:30]} {[%emt
00:01:52]} 41. Bxh4 {[%clk 00:00:53]} {[%emt 00:00:14]} Kxe5 {[%clk 00:04:45]}
{[%emt 00:02:15]} 42. b7 {[%clk 00:01:02]} {[%emt 00:00:22]} Rb3 {[%clk
00:02:14]} {[%emt 00:03:02]} 43. b8=Q+ {[%emt 00:00:13]} Rxb8 {[%emt 00:00:02]}
44. Bg3+ {[%clk 00:01:09]} {[%emt 00:00:08]} Ke4 {[%clk 00:02:27]} {[%emt
00:00:17]} 45. Bxb8 {[%clk 00:01:37]} {[%emt 00:00:02]} f5 {[%clk 00:02:27]}
{[%emt 00:00:28]} 46. Bd6 {[%clk 00:28:59]} {[%emt 00:03:10]} g6 {[%clk
00:32:25]} {[%emt 00:00:30]} 47. Be7 {[%clk 00:29:21]} {[%emt 00:00:09]} e5
{[%clk 00:32:08]} {[%emt 00:00:46]} 48. Bd8 {[%clk 00:26:03]} {[%emt 00:03:50]}
f4 {[%clk 00:30:14]} {[%emt 00:02:33]} 49. Kf2 {[%clk 00:24:47]} {[%emt
00:02:27]} Kf5 {[%clk 00:30:06]} {[%emt 00:00:02]} 50. Ke2 {[%clk 00:23:30]}
{[%emt 00:01:33]} Ke4 {[%clk 00:29:12]} {[%emt 00:01:22]} 51. Kf2 {[%clk
00:21:54]} {[%emt 00:02:07]} Kf5 {[%clk 00:29:21]} {[%emt 00:00:21]} 52. Kf3
{[%clk 00:21:22]} {[%emt 00:01:02]} e4+ {[%clk 00:26:24]} {[%emt 00:03:27]} 53.
Kf2 {[%clk 00:19:01]} {[%emt 00:02:52]} Ke5 {[%clk 00:23:35]} {[%emt 00:03:16]}
54. Bc7+ {[%clk 00:18:42]} {[%emt 00:00:50]} Kf5 {[%clk 00:23:49]} {[%emt
00:00:15]} 55. g4+ {[%clk 00:17:13]} {[%emt 00:02:01]} Kg5 {[%clk 00:13:26]}
{[%emt 00:10:52]} 56. Bd8+ {[%clk 00:16:46]} {[%emt 00:00:58]} Kh6 {[%clk
00:13:49]} {[%emt 00:00:07]} 57. h4 {[%clk 00:15:48]} {[%emt 00:01:27]} Kg7
{[%clk 00:12:58]} {[%emt 00:01:21]} 58. Bg5 {[%clk 00:15:29]} {[%emt 00:00:49]}
f3 {[%clk 00:13:10]} {[%emt 00:00:18]} 59. Kg3 {[%clk 00:13:04]} {[%emt
00:02:55]} Kf7 {[%clk 00:12:33]} {[%emt 00:01:07]} 60. Be3 {[%clk 00:13:10]}
{[%emt 00:00:24]} Kf6 {[%clk 00:12:26]} {[%emt 00:00:36]} 61. Bd4+ {[%clk
00:09:37]} {[%emt 00:04:04]} Ke6 {[%clk 00:12:12]} {[%emt 00:00:44]} 62. Kf4
{[%clk 00:09:37]} {[%emt 00:00:29]} Kd5 {[%clk 00:12:13]} {[%emt 00:00:30]} 63.
Be3 {[%clk 00:09:59]} {[%emt 00:00:09]} g5+ {[%clk 00:11:52]} {[%emt 00:00:52]}
64. Kxg5 {[%clk 00:09:58]} {[%emt 00:00:31]} Kc4 {[%clk 00:12:02]} {[%emt
00:00:20]} 65. Kf4 {[%clk 00:08:40]} {[%emt 00:01:47]} 1-0